[Rezension von: Soziale Reflexivität und qualitative Methodik]

Gespeichert in:  
Bibliographische Detailangaben
1. VerfasserIn: Kreissl, Reinhard 1952- (Verfasst von)
Medienart: Elektronisch Rezension
Sprache:Deutsch
Veröffentlicht: 2006
In: Kriminologisches Journal
Jahr: 2006, Band: 38, Heft: 3, Seiten: 233-235
Online-Zugang: Volltext (kostenfrei)
Volltext (kostenfrei)
Volltext (kostenfrei)
Rechteinformation:InC 1.0
Verfügbarkeit prüfen: HBZ Gateway
Schlagwörter:

MARC

LEADER 00000caa a2200000 c 4500
001 1940765072
003 DE-627
005 20260416135703.0
007 cr uuu---uuuuu
008 251110s2006 xx |||||oo 00| ||ger c
024 7 |a urn:nbn:de:bsz:21-dspace-1783125  |2 urn 
024 7 |a 10.15496/publikation-119636  |2 doi 
024 7 |a 10900/178312  |2 hdl 
035 |a (DE-627)1940765072 
035 |a (DE-599)KXP1940765072 
040 |a DE-627  |b ger  |c DE-627  |e rda 
041 |a ger 
084 |a 2,1  |2 ssgn 
100 1 |a Kreissl, Reinhard  |d 1952-  |e VerfasserIn  |0 (DE-588)121856569  |0 (DE-627)08157956X  |0 (DE-576)161825117  |4 aut 
109 |a Kreissl, Reinhard 1952- 
245 1 0 |a [Rezension von: Soziale Reflexivität und qualitative Methodik]  |c Reinhard Kreissl, Delmenhorst 
264 1 |c 2006 
336 |a Text  |b txt  |2 rdacontent 
337 |a Computermedien  |b c  |2 rdamedia 
338 |a Online-Ressource  |b cr  |2 rdacarrier 
540 |q DE-2619  |a  Urheberrechtsschutz 1.0  |2 rs  |u http://rightsstatements.org/vocab/InC/1.0/ 
655 7 |a Rezension  |0 (DE-588)4049712-4  |0 (DE-627)106186019  |0 (DE-576)209083166  |2 gnd-content 
773 0 8 |i Enthalten in  |t Kriminologisches Journal  |d Weinheim : Beltz Juventa, 1969  |g 38(2006), 3, Seite 233-235  |h Online-Ressource  |w (DE-627)719408636  |w (DE-600)2669998-9  |w (DE-576)369992946  |7 nnas 
773 1 8 |g volume:38  |g year:2006  |g number:3  |g pages:233-235 
787 0 8 |i Rezension von  |t Soziale Reflexivität und qualitative Methodik  |b 1. Aufl.  |d Bern : Haupt, 2003  |h 229 S.  |w (DE-627)366412132  |w (DE-576)106066609  |z 3258066574 
856 4 0 |u http://hdl.handle.net/10900/178312  |x Digitalisierung  |x Resolving-System  |z kostenfrei  |3 Volltext  |7 0 
856 4 0 |u http://nbn-resolving.org/urn:nbn:de:bsz:21-dspace-1783125  |x Digitalisierung  |x Resolving-System  |z kostenfrei  |3 Volltext  |7 0 
856 4 0 |u https://doi.org/10.15496/publikation-119636  |x Digitalisierung  |x Resolving-System  |z kostenfrei  |3 Volltext  |7 0 
951 |a AR 
ELC |a 1 
LOK |0 000 xxxxxcx a22 zn 4500 
LOK |0 001 4801933955 
LOK |0 003 DE-627 
LOK |0 004 1940765072 
LOK |0 005 20251110160224 
LOK |0 008 251110||||||||||||||||ger||||||| 
LOK |0 040   |a DE-2619  |c DE-627  |d DE-2619 
LOK |0 092   |o n 
LOK |0 852   |a DE-2619 
LOK |0 852 1  |9 00 
LOK |0 939   |a 2025-11-10  |b l01 
OAS |a 1 
ORI |a WA-MARC-krimdoka001.raw